Govt. of
Madhya Pradesh

कम्‍प्‍यूटर जागरूकता (Record no. 63455)

MARC details
000 -LEADER
fixed length control field 00341nam a22001097a 4500
082 ## - DEWEY DECIMAL CLASSIFICATION NUMBER
Classification number 004
100 ## - MAIN ENTRY--AUTHOR NAME
Personal name अग्रवाल श्‍वेता
245 ## - TITLE STATEMENT
Title कम्‍प्‍यूटर जागरूकता
260 ## - PUBLICATION, DISTRIBUTION, ETC. (IMPRINT)
Place of publication Meerut
Name of publisher Arihant Pub
Year of publication 2020
650 ## - SUBJECT ADDED ENTRY--TOPICAL TERM
Topical Term कम्‍प्‍यूटर
942 ## - ADDED ENTRY ELEMENTS (KOHA)
Koha item type Books
Holdings
Withdrawn status Lost status Damaged status Not for loan Home library Current library Date acquired Cost, normal purchase price Full call number Accession Number Price effective from Koha item type
        MACL MACL 03/10/2020 140.00 004 GCLC00889 03/10/2020 Books
        MACL MACL 03/10/2020 140.00 004 GCLC00888 03/10/2020 Books